Statystyki dla Polskie województwa - flagi

Kliknij tutaj aby rozwiązać quiz!

Ogólne statystyki

  • Ten quiz został rozwiązany 30 razy
  • Średni wynik to 8 z 16

Statystyki odpowiedzi

Odpowiedź% Poprawnych
Łódzkie
68%
Mazowieckie
64%
Pomorskie
64%
Wielkopolskie
60%
Dolnośląskie
56%
Lubelskie
56%
Lubuskie
52%
Podkarpackie
52%
Podlaskie
52%
Kujawsko-Pomorskie
48%
Śląskie
48%
Świętokrzyskie
48%
Zachodniopomorskie
48%
Warmińsko-Mazurskie
44%
Małopolskie
40%
Opolskie
40%

Rozkład punktacji

Percentyl według liczby udzielonych odpowiedzi

Procent ludzi z każdym wynikiem

Twoja historia wyników

Nie rozwiązałeś tego quizu